Hồ Chí Minh biên niên tiểu sử Tập 3 1945 - 1946

Gespeichert in:
Bibliographische Detailangaben
1. Verfasser: Lê, Văn Tích chủ biên
Weitere Verfasser: Nguyên, Thị Giang, Nguyễn, Huy Hoan, Phạm, Hồng Chương
Format: Buch
Veröffentlicht: Hà Nội Chính trị quốc gia 2016
Ausgabe:Xuất bản lần thứ ba
Schlagworte:
Tags: Tag hinzufügen
Keine Tags, Fügen Sie den ersten Tag hinzu!
Thư viện lưu trữ: Trung tâm Học liệu Lê Vũ Hùng, Trường Đại học Đồng Tháp
LEADER 01174pam a22002538a 4500
001 00040287
005 20171122101150.0
008 110330s1993 ||||||Viesd
020 # # |a 978 604 57 2367 8 
041 0 # |a Vie 
082 1 4 |a 959.703 109 2  |b H450CH 
100 0 # |a Lê, Văn Tích  |d chủ biên 
245 0 0 |a Hồ Chí Minh biên niên tiểu sử  |c Lê Văn Tích , Phạm Hồng Chương , Nguyễn Huy Hoan , Nguyễn Thị Giang  |n Tập 3  |p 1945 - 1946 
250 # # |a Xuất bản lần thứ ba  |b Có sữa chữa, bổ sung 
260 # # |a Hà Nội  |b Chính trị quốc gia  |c 2016 
300 # # |c 24cm. 
500 # # |a ĐTTS ghi: Học viện chính trị Quốc gia Hồ Chí Minh viện Hồ Chí minh và các lãnh tụ của Đảng 
653 # # |a Giai đoạn 1945 - 1946  |a Hồ Chí Minh  |a Biên niên tiểu sử  |a Tiểu sử  |a Việt Nam 
700 0 # |a Nguyên, Thị Giang 
700 0 # |a Nguyễn, Huy Hoan 
700 0 # |a Phạm, Hồng Chương 
852 # # |j KD.0022505 
910 |d 22/11/2017 
980 # # |a Trung tâm Học liệu Lê Vũ Hùng, Trường Đại học Đồng Tháp